Left 4 Dead quote quiz - Statistics

General Stats
  • This quiz has been taken 154 times
  • The average score is 24 of 35
Answer Stats
Quote Character % Correct
"I'll see peace back on earth if I gotta murder every one of these bastards with my bare goddamn hands." Bill
94%
"Somebody? Christ, Coach, you know who did this." Nick
94%
"I hear a Hunter. Come on out, wussy!" Francis
92%
"How does bein' so right feel, Nick?" Coach
91%
"Who the hell is Jimmy Gibbs Jr?" Nick
91%
"Son, we just crossed the street. Let's not throw a party until we're out of the city." Bill
90%
"The honest to god military." Bill
89%
"Punk ass Hunter around." Coach
87%
"Guys! Big, badass, nasty weapons over here." Zoey
85%
"Stop the bombing run!" Rochelle
81%
"Pilot license... revoked! Dun dun dun!" Zoey
81%
“Bill-san, baka desu." Louis
80%
"Great. Zombies in Hazmat Suits." Rochelle
80%
"Time to make some zombie soup!" Nick
79%
"Good thing we left all those people behind so WE could escape, Bill." Zoey
77%
"Military jail, a train ride, and now... back to walking?" Louis
75%
"Bite me, Colonel Sanders!" Francis
66%
"Haul ass and get gas!" Coach
65%
"The Midnight Riders were supposed to play here?" Coach
63%
"Oh. And there's four tanks comin' at us. Thanks, Louis!" Francis
63%
"Bill, why is Louis doing the stupidest thing I've ever seen?" Francis
62%
"Ugh, god I hate malls." Nick
61%
"Hey Francis. Guywhoopensthetraindoorsayswhat?" Zoey
60%
"They saw us alright and they're not coming back." Nick
59%
"Anyone know who the race car guy is?" Rochelle
59%
"Well--better get moving. Remember, if you fall behind, Bill thinks it's okay to let you die." Zoey
58%
"We're as human as they come, son I promise you." Bill
57%
"But you know, as long as I have a Molotov I can make a firewall!" Louis
57%
"He did this for us. If you go down there, he did it for nothing." Zoey
51%
"If you ignore the crazy guy and the zombies, nice town." Louis
49%
"Zombies are like... piranhas. They ain't too choosy about who they attack, you know?" Louis
49%
"Now I've barricaded myself on the roof with ample provisions... but in my haste, I forgot cola!" Whittaker
42%
"Better safe than sorry." Church Guy
32%
"Rescue 7, are you equipped for carriers?" Papa Gator
24%
"Don't let me die because of some CEDA safety bullshit!" Lt. Mora
9%
No matching quizzes found
Score Distribution
Percent of People with Each Score
Percentile by Number Answered
Your Score History
You have not taken this quiz